| 000 | 00614nam a2200205 a 4500 | ||
|---|---|---|---|
| 005 | 20210219160428.0 | ||
| 008 | 081107s1994 mx r 000 0 spa d | ||
| 020 | _a286829X071 (ARCANTERE Editions) | ||
| 020 | _a9232029561 (UNESCO) | ||
| 035 | _aUPN01000165422 | ||
| 049 | _aUNE | ||
| 080 | _a892.7 =40 "1994" MES | ||
| 100 | 1 | _aMessadi, Mahmoud | |
| 245 | 1 | 3 |
_aLe Barrage / _cpar Mahmoud Messadi. |
| 260 |
_aParis : _bUNESCO; _bARCANTERE Editions, _c1994. |
||
| 300 | _a89 p. | ||
| 440 | 0 | _aCollection UNESCO d'oeuvres representatives | |
| 690 | _aObras de arte representativas- Arabe | ||
| 905 | _aUNESCO | ||
| 999 |
_c137534 _d137534 |
||